| 000 | 07222cam a22016214i 4500 | ||
|---|---|---|---|
| 003 | PE-LiUPU | ||
| 005 | 20250813185442.0 | ||
| 008 | 080520s2007 sp a rb 000 0 spa d | ||
| 020 | _a8471978814 | ||
| 020 | _a9788471978813 | ||
| 035 | _a(Sirsi) i9788471978813 | ||
| 040 |
_aUIA _bspa _cUIA _dBNM _dPE-LiUPU _erda |
||
| 049 | _aPRUA | ||
| 050 | 4 |
_aBF 576 _bE38.2007 |
|
| 080 | _a159.928.23-053.2 | ||
| 082 | 0 | 4 |
_a370.1534 _bD2 |
| 245 | 0 | 0 |
_aEducación emocional : _bprograma para educación primaria (6-12 años) / _cAgnès Renom Plana (coordinadora de la obra) ; GROP (Grup de Recerca en Orientació Psicopedagògica) (coordinado por Rafael Bisquerra), miembros de GROP que han participado, Manuel Álvarez ... [y otros diez]. |
| 250 | _aTercera edición. | ||
| 264 | 1 |
_aMadrid : _bWolters Kluwer , _c2007. |
|
| 300 |
_a294 páginas : _bilustraciones ; _c24 centímetros |
||
| 336 |
_atext _2rdacontent |
||
| 337 |
_aunmediated _2rdamedia |
||
| 338 |
_avolume _2rdacarrier |
||
| 490 | 0 | _aEducación emocional y en valores | |
| 504 | _aBibliografía : páginas 293-294. | ||
| 505 | 0 | _aPrograma de educación emocional para la educación primaria -- Desarrollo emocional en la etapa de los 6 a los 12 años -- Bloques temáticos -- Programa para primer ciclo (6-8 años) -- Conciencia emocional -- Regulación emocional -- Autoestima -- Habilidades socio emocionales -- Habilidades de vida -- Programa para segundo ciclo (8-10 años) -- Conciencia emocional -- Regulación emocional -- Autoestima -- Habilidades socio emocionales -- Habilidades de vida -- . Programa de actividades para tercer ciclo (10-12 años) -- Conciencia emocional -- Regulación emocional -- Autoestima -- Habilidades socio emocionales -- Habilidades de vida. | |
| 520 | _aEl periodo de los 6 a los 12 años constituye un momento crucial en el desarrollo de la personalidad, y la escuela, como generadora de conocimientos, debe basar el aprendizaje tanto en la parte cognitiva como en la afectiva, ya que en las diferentes etapas del desarrollo los aspectos emocionales juegan un papel esencial en la vida y constituyen la base o condición necesaria para la formación de la personalidad. El programa de educación emocional que se presenta en esta obra tiene como objetivo favorecer el desarrollo integral del niño y contempla todas y cada una de las dimensiones de la vida en la formación de las personas: cognitiva, físico-motora, psicológica, social y afectivo-emocional. Se trata de un programa eminentemente práctico y está estructurado en cinco grandes bloques temáticos: conciencia emocional, regulación emocional, autoestima, habilidades socio-emocionales y habilidades de vida. | ||
| 526 | _aP202 | ||
| 526 | _aP201 | ||
| 526 | _aP163 | ||
| 526 | _aP162 | ||
| 526 | _aP161 | ||
| 526 | _aP160 | ||
| 526 | _aP148 | ||
| 526 | _aP147 | ||
| 526 | _aP146 | ||
| 526 | _aP145 | ||
| 526 | _aP144 | ||
| 526 | _aP143 | ||
| 526 | _aP142 | ||
| 526 | _aP141 | ||
| 526 | _aP140 | ||
| 526 | _aP139 | ||
| 526 | _aP138 | ||
| 526 | _aP137 | ||
| 526 | _aP136 | ||
| 526 | _aP135 | ||
| 526 | _aP134 | ||
| 526 | _aP133 | ||
| 526 | _aP129 | ||
| 526 | _aP128 | ||
| 526 | _aP127 | ||
| 526 | _aP120 | ||
| 526 | _aP119 | ||
| 526 | _aP118 | ||
| 526 | _aP116 | ||
| 526 | _aP115 | ||
| 526 | _aP114 | ||
| 526 | _aP110 | ||
| 526 | _aP109 | ||
| 526 | _aP108 | ||
| 526 | _aP104 | ||
| 526 | _aP103 | ||
| 526 | _aP102 | ||
| 526 | _aP99 | ||
| 526 | _aP98 | ||
| 526 | _aP97 | ||
| 526 | _aP96 | ||
| 526 | _aP95 | ||
| 526 | _aP93 | ||
| 526 | _aP90 | ||
| 526 | _aP89 | ||
| 526 | _aP88 | ||
| 526 | _aP83 | ||
| 526 | _aP82 | ||
| 526 | _aP62 | ||
| 526 | _aP59 | ||
| 526 | _aP58 | ||
| 526 | _aP57 | ||
| 526 | _aP51 | ||
| 526 | _aP49 | ||
| 526 | _aP48 | ||
| 526 | _aP47 | ||
| 526 | _aP29 | ||
| 526 | _aP24 | ||
| 526 | _aP20 | ||
| 526 | _aP19 | ||
| 526 | _aP17 | ||
| 526 | _aP15 | ||
| 526 | _aP14 | ||
| 526 | _aP12 | ||
| 526 | _aP10 | ||
| 526 | _aP09 | ||
| 526 | _aP08 | ||
| 526 | _aP07 | ||
| 526 | _aP06 | ||
| 526 | _aP05 | ||
| 526 | _aP04 | ||
| 526 | _aP01 | ||
| 541 | _g001-002618; | ||
| 650 | 4 |
_aInteligencia emocional _xEstudio y enseñanza (Elemental). |
|
| 650 | 4 |
_aPsicopedagogía. _91885 |
|
| 650 | 7 |
_aInteligencia emocional en niños. _2embne |
|
| 700 | 1 |
_aÁlvarez González, Manuel, _d1946- , _emiembro de GROP |
|
| 700 | 1 |
_aBisquerra Alzina, Rafael, _ecoordinador de GROP. |
|
| 700 | 1 |
_aRenom Plana, Agnès, _ecoordinador. |
|
| 710 | 2 | _aGrup de Recerca en Orientació Psicopedagògica. | |
| 856 | 4 | 2 |
_uhttp://www.diazdesantos.es/images/libros/SP/SP0466200237.jpg _zPortada |
| 856 | 4 | 2 |
_uhttp://www.diazdesantos.es/images/libros/SP/SP0466200237.jpg _zPortada |
| 856 | 4 | 2 |
_uhttp://www.diazdesantos.es/images/libros/SP/SP0466200237.jpg _zPortada |
| 856 | 4 | 2 |
_uhttp://www.diazdesantos.es/images/libros/SP/SP0466200237.jpg _zPortada |
| 856 | 4 | 2 |
_uhttp://www.diazdesantos.es/images/libros/SP/SP0466200237.jpg _zPortada |
| 856 | 4 | 2 |
_uhttp://www.diazdesantos.es/images/libros/SP/SP0466200237.jpg _zPortada |
| 856 | 4 | 2 |
_uhttp://www.diazdesantos.es/images/libros/SP/SP0466200237.jpg _zPortada |
| 856 | 4 | 2 |
_uhttp://www.diazdesantos.es/images/libros/SP/SP0466200237.jpg _zPortada |
| 856 | 4 | 2 |
_uhttp://www.diazdesantos.es/images/libros/SP/SP0466200237.jpg _zPortada |
| 856 | 4 | 2 |
_uhttp://www.diazdesantos.es/images/libros/SP/SP0466200237.jpg _zPortada |
| 856 | 4 | 2 |
_uhttp://www.diazdesantos.es/images/libros/SP/SP0466200237.jpg _zPortada |
| 856 | 4 | 2 |
_uhttp://www.diazdesantos.es/images/libros/SP/SP0466200237.jpg _zPortada |
| 910 |
_ajck _bjvq _cjck _d20150511 |
||
| 942 |
_2ddc _cBOOK |
||
| 949 |
_a370.1534 E2 _wDEWEY _c1 _i71028 _d2015-9-23 _e2015-9-23 _lCCODEBUL1 _mBUL _n2 _p33.34 _r0 _sY _tBOOK _u2015-5-11 _xSALUD _PP20 _0COMPRA _o.STAFF. Colección general |
||
| 994 |
_aC0 _bPEPRU |
||
| 856 | 4 | 2 |
_uhttp://www.diazdesantos.es/images/libros/SP/SP0466200237.jpg _zPortada |
| 856 | 4 | 2 |
_uhttp://www.diazdesantos.es/images/libros/SP/SP0466200237.jpg _zPortada |
| 856 | 4 | 2 |
_uhttp://www.diazdesantos.es/images/libros/SP/SP0466200237.jpg _zPortada |
| 856 | 4 | 2 |
_uhttp://www.diazdesantos.es/images/libros/SP/SP0466200237.jpg _zPortada |
| 856 | 4 | 2 |
_uhttp://www.diazdesantos.es/images/libros/SP/SP0466200237.jpg _zPortada |
| 856 | 4 | 2 |
_uhttp://www.diazdesantos.es/images/libros/SP/SP0466200237.jpg _zPortada |
| 856 | 4 | 2 |
_uhttp://www.diazdesantos.es/images/libros/SP/SP0466200237.jpg _zPortada |
| 856 | 4 | 2 |
_uhttp://www.diazdesantos.es/images/libros/SP/SP0466200237.jpg _zPortada |
| 856 | 4 | 2 |
_uhttp://www.diazdesantos.es/images/libros/SP/SP0466200237.jpg _zPortada |
| 856 | 4 | 2 |
_uhttp://www.diazdesantos.es/images/libros/SP/SP0466200237.jpg _zPortada |
| 856 | 4 | 2 |
_uhttp://www.diazdesantos.es/images/libros/SP/SP0466200237.jpg _zPortada |
| 856 | 4 | 2 |
_uhttp://www.diazdesantos.es/images/libros/SP/SP0466200237.jpg _zPortada |
| 596 | _a1 | ||
| 999 |
_a370.1534 E2 _wDEWEY _c32982 _i71028 _d32982 _e2018-4-2 _f2021-11-8 _g5 _lCCODEBUL1 _mBUL _n11 _p33.34 _q3 _r0 _sY _tBOOK _u2015-5-11 _xEDUCACION _PP20 _0COMPRA _o.STAFF. Colección general |
||
| 980 |
_81 _gALBERTO SANCHEZ Responsable de Automatización |
||